<?xml version="1.0" encoding="UTF-8"?><?xml-stylesheet type="text/xsl" href="static/style.xsl"?><OAI-PMH xmlns="http://www.openarchives.org/OAI/2.0/" xmlns:xsi="http://www.w3.org/2001/XMLSchema-instance" xsi:schemaLocation="http://www.openarchives.org/OAI/2.0/ http://www.openarchives.org/OAI/2.0/OAI-PMH.xsd"><responseDate>2026-04-14T04:18:57Z</responseDate><request verb="GetRecord" identifier="oai:www.recercat.cat:2117/119324" metadataPrefix="marc">https://recercat.cat/oai/request</request><GetRecord><record><header><identifier>oai:recercat.cat:2117/119324</identifier><datestamp>2025-07-22T21:31:58Z</datestamp><setSpec>com_2072_1033</setSpec><setSpec>col_2072_452951</setSpec></header><metadata><record xmlns="http://www.loc.gov/MARC21/slim" xmlns:dcterms="http://purl.org/dc/terms/" xmlns:xsi="http://www.w3.org/2001/XMLSchema-instance" xmlns:doc="http://www.lyncode.com/xoai" xsi:schemaLocation="http://www.loc.gov/MARC21/slim http://www.loc.gov/standards/marcxml/schema/MARC21slim.xsd">
   <leader>00925njm 22002777a 4500</leader>
   <datafield ind2=" " ind1=" " tag="042">
      <subfield code="a">dc</subfield>
   </datafield>
   <datafield ind2=" " ind1=" " tag="720">
      <subfield code="a">Torres Escandell, Nieves</subfield>
      <subfield code="e">author</subfield>
   </datafield>
   <datafield ind2=" " ind1=" " tag="260">
      <subfield code="c">2018-01</subfield>
   </datafield>
   <datafield ind2=" " ind1=" " tag="520">
      <subfield code="a">El presente trabajo final de grado pretende proyectar un vivienda unifamiliar aislada bajo las pautas&#xd;
de la arquitectura bioclimática y tradicional, juntamente con la cumplimentación de algunos&#xd;
criterios del estándar de construcción Passivhaus alemán. Una vez la vivienda ha sido&#xd;
dimensionada, las repercusiones a nivel ambiental y monetario son analizadas para valorar las&#xd;
mejoras aportadas por una vivienda de estas características.&#xd;
Dicha acción se realiza mediante el dimensionado de la vivienda en cuestión considerando aspectos&#xd;
tales como la orientación y protección solar del edificio, el aislamiento térmico y la hermeticidad al&#xd;
aire atendiendo a los materiales de construcción utilizados, y la ventilación con recuperación de&#xd;
calor, entre otros. El comportamiento de la vivienda es simulado mediante el software del Passive&#xd;
House Institue.&#xd;
Se proyectan también, el dimensionado de las instalaciones interiores (ventilación, clima,&#xd;
abastecimiento de agua, saneamiento y electricidad), cumpliendo con la normativa española&#xd;
vigente, y el campo solar necesario para satisfacer sus demandas energéticas. El recurso solar es la&#xd;
fuente de energía utilizada en la casa. Gracias a un conjunto de paneles fotovoltaicos ubicados en&#xd;
la cubierta, esta energía es captada y transformada a través de los elementos que componen dicha&#xd;
instalación.</subfield>
   </datafield>
   <datafield tag="653" ind2=" " ind1=" ">
      <subfield code="a">Àrees temàtiques de la UPC::Energies</subfield>
   </datafield>
   <datafield tag="653" ind2=" " ind1=" ">
      <subfield code="a">Sustainable architecture</subfield>
   </datafield>
   <datafield tag="653" ind2=" " ind1=" ">
      <subfield code="a">Solar thermal energy</subfield>
   </datafield>
   <datafield tag="653" ind2=" " ind1=" ">
      <subfield code="a">Arquitectura sostenible</subfield>
   </datafield>
   <datafield tag="653" ind2=" " ind1=" ">
      <subfield code="a">Energia tèrmica solar</subfield>
   </datafield>
   <datafield ind2="0" ind1="0" tag="245">
      <subfield code="a">Proyecto y estudio de viabilidad de una vivienda unifamiliar bioclimática en Ibiza</subfield>
   </datafield>
</record></metadata></record></GetRecord></OAI-PMH>